00197nam a2200073Ia 4500082000800000245001700008100005700025008004100082 aDUP 0aKatrientjie  a DU PISANIE, Sarah Pretoria, 1992 Grootdrukuitg 210817s9999 xx 000 0 und d